000 01560nam a2200361 c 4500
003 BLK
005 20250215120100.0
008 180410b bul|||||r ||||||| ||bul||
010 _aKNG00151754000
040 _aBLK
041 _aBUL
_cBUL
080 _aФренска литература
_b821.133.1
_x-93-34
_z821.133.1-93-34
100 1 _aЕлюар, Пол
_eпърви автор
_967096
700 1 _aДелчев, Борис
_eпрев. от фр.
_gСтойчев, Борис Делчев
_9363811
700 1 _aЧехларов, Людмил Тошков
_eхудож.
_9376687
700 1 _aГриндел, Йожен Емил Пол
_e*
_956414
139 _aЕлюар, Пол
_bЕ 56
245 1 0 _aЗрънце - перце
_bПриказка
_cПол Елюар; прев. от фр. Борис Делчев; худож. Людмил Тошков Чехларов; * Йожен Емил Пол Гриндел.
257 _aFRA
260 София
_bОтечество
_c1978
_fСофия : Д. Благоев
300 _a32 с.
_bс ил.
_c28 см
380 _aDX
500 _aОриг. загл. Drain d'aile. - 100 115 тир.
653 _aприказки
653 _aдетска литература
653 _aлитература за деца
852 _aЦб ІІ 18948
856 4 _qpdf
_u
856 4 _qpdf
_u
942 _cKNG
_n0
_01
944 _aCR
_c14.10.2013
_lСевдалина Тодорова
_k30540
944 _aED
_c14.10.2013
_l14.10.2013 - от С1,Р / 14.10.2013
_k
999 _c145573
_d145573